<?xml version="1.0" encoding="UTF-8"?>
<marc:record xmlns:marc="http://www.loc.gov/MARC21/slim">
   <marc:leader>00000nam a2200000 a 4500</marc:leader>
   <marc:datafield ind1="1" ind2=" " tag="100">
      <marc:subfield code="a">Cory, Pamela</marc:subfield>
      <marc:subfield code="4">aut</marc:subfield>
      <marc:subfield code="e">Verfasser/-in</marc:subfield>
   </marc:datafield>
   <marc:datafield ind1=" " ind2=" " tag="653">
      <marc:subfield code="a">Sehbehinderung / Blindheit / Hilfsmittel / Alltag / Fertigkeit</marc:subfield>
   </marc:datafield>
   <marc:datafield ind1=" " ind2=" " tag="653">
      <marc:subfield code="a">Alltag</marc:subfield>
   </marc:datafield>
   <marc:datafield ind1=" " ind2=" " tag="653">
      <marc:subfield code="a">Blindheit</marc:subfield>
   </marc:datafield>
   <marc:datafield ind1=" " ind2=" " tag="653">
      <marc:subfield code="a">Fertigkeit</marc:subfield>
   </marc:datafield>
   <marc:datafield ind1=" " ind2=" " tag="653">
      <marc:subfield code="a">Hilfsmittel</marc:subfield>
   </marc:datafield>
   <marc:datafield ind1=" " ind2=" " tag="653">
      <marc:subfield code="a">Sehbehinderung</marc:subfield>
   </marc:datafield>
   <marc:datafield ind1="0" ind2="0" tag="245">
      <marc:subfield code="a">Mit Sehbeeinträchtigung im Alltag klarkommen</marc:subfield>
   </marc:datafield>
   <marc:datafield ind1="0" ind2="0" tag="245">
      <marc:subfield code="b">Förderung lebenspraktischer Fähigkeiten</marc:subfield>
   </marc:datafield>
   <marc:datafield ind1="0" ind2="0" tag="245">
      <marc:subfield code="c">Cory, Pamela</marc:subfield>
   </marc:datafield>
   <marc:datafield ind1=" " ind2="1" tag="264">
      <marc:subfield code="c">2020</marc:subfield>
   </marc:datafield>
   <marc:datafield ind1="1" ind2=" " tag="520">
      <marc:subfield code="a">Die Gabel zum Mund führen, Zähneputzen, die Haustüre aufschließen – unser Alltag besteht aus unzähligen Tätigkeiten, die für sehende Menschen selbstverständlich sind. Kinder und Erwachsene mit Sehbeeinträchtigungen stellen sie vor erhebliche Herausforderungen. Doch auch sie können lebenspraktische Fähigkeiten erlernen. Mit der richtigen Strategie und passenden Hilfsmitteln lernen vor allem Kinder schnell, sich im Alltag zurechtzufinden. Wie der Prozess erfolgreich gestaltet wird, erklärt dieses praxisnahe Fachbuch. Die Autorin, Pionierin auf dem Feld der lebenspraktischen Fähigkeiten in Deutschland, liefert detaillierte Anleitungen, die auf jahrelanger Erfahrung beruhen. Denn Menschen mit Sehbeeinträchtigungen kommen im Alltag bestens klar – mit der richtigen Vorbereitung.</marc:subfield>
   </marc:datafield>
   <marc:datafield ind1=" " ind2=" " tag="338">
      <marc:subfield code="a">Band</marc:subfield>
   </marc:datafield>
   <marc:datafield ind1=" " ind2=" " tag="300">
      <marc:subfield code="a">143 Seiten, Illustrationen</marc:subfield>
   </marc:datafield>
</marc:record>
